| 000 | 00557nam a2200157 a 4500 | ||
|---|---|---|---|
| 040 | _cDLC | ||
| 082 | 0 | 0 | _a631 FOO 1990 A091 Or. |
| 245 | 0 | 0 |
_aProtected cultivation in the Mediterranean climate : _ba manual / |
| 260 |
_aRome : _bFood and Agriculture Organization of the United Nations, _c1990. |
||
| 300 |
_axiv, 313 p. : _bill. ; _c30 cm. |
||
| 490 | 1 | _aFAO plant production and protection paper ; | |
| 650 | 0 | _aGreenhouse management | |
| 650 | 0 | _aMediterranean climate. | |
| 710 | 2 | _aFood and Agriculture Organization of the United Nations. | |
| 942 | _cEK | ||
| 999 |
_c15798 _d15798 |
||